000 00723cab a2200217 4500
001 WB3217-43
008 090401t1996 xxu||||| |||| 00| 0 eng d
035 _a(Sirsi) u8638
041 _aeng
245 _aFarm incomes survey
260 _c1996
350 _a0
490 _aFarmer`s Guardian
_v26 April 1996, 16(2)
520 _aThe University of Reading`s "Farm Business Data 1996" shows that farms in Central-Southern England and the South West Midlands recorded a 5% increase in average management and investment income - the highest since 1988.
650 _aFARM BUSINESS DATA
650 _aFARM INCOMES
650 _aUNIVERSITY OF READING
690 _aRURAL PRACTICE
942 _n0
948 _c04/03/1997
999 _c5352
_d5352